[Event "European Club Cup 2006"]
[Site "Fuegen AUT"]
[Date "2006.10.09"]
[Round "2.76"]
[White "Petr, Martin"]
[Black "Atlas, Dmitry"]
[Result "1/2-1/2"]
[WhiteElo "2417"]
[BlackElo "2294"]
[PlyCount "66"]
[EventDate "2006.10.08"]
[EventType "team"]
[EventRounds "7"]
[EventCountry "AUT"]
[Source "lmi"]
[SourceDate "2006.10.08"]

1. Nf3 d5 2. d4 Nf6 3. c4 c6 4. g3 g6 5. Bg2 Bg7 6. O-O O-O 7. b3 Bf5 8. Bb2
Nbd7 9. Nh4 Be6 10. Nd2 g5 11. Nhf3 h6 12. Qc2 Rc8 13. e4 dxe4 14. Nxe4 Nxe4
15. Qxe4 Qa5 16. Qe3 Qb6 17. Bc3 Rfe8 18. Rfe1 Bf5 19. Rad1 e6 20. Qd2 Qc7 21.
Qb2 Bg6 22. Re2 Red8 23. Rde1 Kh7 24. Nd2 b6 25. b4 Bh8 26. c5 Nf6 27. Nc4 Bd3
28. Nd6 Bxe2 29. Nxc8 Bh5 30. Nd6 Bg6 31. b5 Nd5 32. bxc6 Qxc6 33. Qa3 bxc5
1/2-1/2

[Event "European Club Cup 2006"]
[Site "Fuegen AUT"]
[Date "2006.10.09"]
[Round "2.77"]
[White "Fedorov, Alexei"]
[Black "Kveinys, Aloyzas"]
[Result "1-0"]
[WhiteElo "2617"]
[BlackElo "2540"]
[PlyCount "81"]
[EventDate "2006.10.08"]
[EventType "team"]
[EventRounds "7"]
[EventCountry "AUT"]
[Source "lmi"]
[SourceDate "2006.10.08"]

1. e4 c5 2. Nf3 e6 3. d3 b5 4. g3 Bb7 5. Bg2 d6 6. O-O Be7 7. a4 a6 8. e5 d5 9.
axb5 axb5 10. Rxa8 Bxa8 11. d4 b4 12. c3 Bc6 13. Be3 c4 14. b3 Qa5 15. Qc2 cxb3
16. Qxb3 Ba4 17. Qb2 Bb5 18. Rc1 b3 19. Nfd2 Qa2 20. Qxb3 Qxb3 21. Nxb3 Nh6 22.
Bxh6 gxh6 23. Bf1 Bd7 24. c4 dxc4 25. Rxc4 O-O 26. Nc3 Rc8 27. Nc5 Kg7 28. f4
Rd8 29. Kf2 Bc6 30. Ke3 Ba8 31. Bd3 Nc6 32. N5a4 Rb8 33. Be4 Na5 34. Rc7 Bd8
35. Rd7 Nc6 36. Nc5 Kg8 37. d5 exd5 38. Nxd5 Rb5 39. Nf6+ Bxf6 40. exf6 Rb8 41.
Bd5 1-0

[Event "European Club Cup 2006"]
[Site "Fuegen AUT"]
[Date "2006.10.09"]
[Round "2.79"]
[White "Zhigalko, Andrey"]
[Black "Grabliauskas, Virginijus"]
[Result "1-0"]
[WhiteElo "2532"]
[BlackElo "2419"]
[PlyCount "75"]
[EventDate "2006.10.08"]
[EventType "team"]
[EventRounds "7"]
[EventCountry "AUT"]
[Source "lmi"]
[SourceDate "2006.10.08"]

1. e4 c5 2. Nf3 d6 3. d4 cxd4 4. Nxd4 Nf6 5. Nc3 a6 6. Be3 e6 7. f3 b5 8. Qd2
Nbd7 9. g4 h6 10. O-O-O Bb7 11. h4 b4 12. Na4 Qa5 13. b3 Nc5 14. a3 Rc8 15.
Qxb4 Qc7 16. Kb1 Nfd7 17. Nb2 d5 18. Qd2 dxe4 19. f4 Nf6 20. Bc4 Nxg4 21. f5 e5
22. Ne2 Nxe3 23. Qxe3 Nd7 24. b4 a5 25. Nc3 Nb6 26. Bb5+ Bc6 27. Qxe4 axb4 28.
axb4 Be7 29. Qg2 Bxb4 30. Rh3 Ke7 31. Bxc6 Qxc6 32. Nd5+ Nxd5 33. Rxd5 Bc3 34.
Rhd3 Qb6 {[34. Rhd8]} 35. Rd7+ Kf8 36. Rxc3 Rd8 37. Rxd8+ Qxd8 38. Qb7 1-0

[Event "European Club Cup 2006"]
[Site "Fuegen AUT"]
[Date "2006.10.09"]
[Round "2.81"]
[White "Lutsko, Igor"]
[Black "Dambrauskas, Virginijus"]
[Result "1-0"]
[WhiteElo "2489"]
[BlackElo "2331"]
[PlyCount "37"]
[EventDate "2006.10.08"]
[EventType "team"]
[EventRounds "7"]
[EventCountry "AUT"]
[Source "lmi"]
[SourceDate "2006.10.08"]

1. d4 d5 2. c4 e6 3. Nc3 c6 4. Nf3 f5 5. Bf4 Nf6 6. e3 Bd6 7. Bxd6 Qxd6 8. Bd3
O-O 9. O-O Nbd7 10. cxd5 cxd5 11. Nb5 Qe7 12. Rc1 Ne8 13. Qb3 a6 14. Nc7 Rb8
15. Nxe8 Rxe8 16. Rc7 Qd6 17. Qc3 Nb6 18. b3 Bd7 19. Qc5 1-0

[Event "European Club Cup 2006"]
[Site "Fuegen AUT"]
[Date "2006.10.09"]
[Round "2.82"]
[White "Lapienis, Donatas"]
[Black "Mochalov, Evgeny V"]
[Result "1/2-1/2"]
[WhiteElo "2310"]
[BlackElo "2419"]
[PlyCount "38"]
[EventDate "2006.10.08"]
[EventType "team"]
[EventRounds "7"]
[EventCountry "AUT"]
[Source "lmi"]
[SourceDate "2006.10.08"]

1. d4 Nf6 2. c4 e6 3. Nc3 Bb4 4. e3 O-O 5. Bd3 d5 6. Nf3 c5 7. O-O Nc6 8. a3
Bxc3 9. bxc3 Qc7 10. Bb2 dxc4 11. Bxc4 e5 12. h3 e4 13. Nd2 Na5 14. Ba2 c4 15.
f3 Bxh3 16. gxh3 Qg3+ 17. Kh1 Qxh3+ 18. Kg1 Qg3+ 19. Kh1 Qh3+ 1/2-1/2

[Event "European Club Cup 2006"]
[Site "Fuegen AUT"]
[Date "2006.10.09"]
[Round "2.84"]
[White "Christensen, Tobias"]
[Black "Hochstrasser, Michael"]
[Result "1/2-1/2"]
[WhiteElo "2349"]
[BlackElo "2363"]
[PlyCount "153"]
[EventDate "2006.10.08"]
[EventType "team"]
[EventRounds "7"]
[EventCountry "AUT"]
[Source "lmi"]
[SourceDate "2006.10.08"]

1. c4 g6 2. Nc3 Bg7 3. d4 d6 4. Nf3 Bg4 5. Be3 Nf6 6. Qb3 Qc8 7. Nd2 O-O 8. f3
Bd7 9. Bf2 e5 10. d5 a5 11. c5 Na6 12. cxd6 cxd6 13. e4 Nc5 14. Qb6 Qb8 15. Nb3
Nxb3 16. axb3 Nh5 17. Bb5 Bc8 18. Rxa5 Bf6 19. Rxa8 Qxa8 20. O-O Qb8 21. Bc4
Bd8 22. Qa7 Qc7 23. Nb5 Qe7 24. Rd1 Nf4 25. Bf1 f5 26. Qb8 Bd7 27. Qxd6 Qg5 28.
Bg3 Bxb5 29. Bxb5 fxe4 30. fxe4 Be7 31. Bxf4 exf4 32. Qe6+ Kg7 33. Kh1 Bc5 34.
Be2 f3 35. Bxf3 Be3 36. Qg4 Qe5 37. d6 Bc5 38. Qg3 Qxg3 39. hxg3 Kf6 40. e5+
Ke6 41. Bxb7 Bb6 42. d7 Kxe5 43. Bc8 Bd8 44. Re1+ Kd6 45. Re8 Rf1+ 46. Kh2 Kc7
47. b4 Rf2 48. b3 Rf5 49. Re4 Rd5 50. Rc4+ Kd6 51. Rc3 h5 52. Bb7 Rd4 53. Rc4
Rxc4 54. bxc4 Kxd7 55. Be4 g5 56. Bg6 Bf6 57. Bxh5 Bd4 58. b5 Kd6 59. Kh3 Kc5
60. Bf7 Bf6 61. Kg4 Be7 62. Kf5 Bd8 63. Ke6 Ba5 64. Kd7 Bb6 65. g4 Ba5 66. Ke6
Bc7 67. Kf5 Bf4 68. g3 Bc1 69. Bd5 Be3 70. Ke6 Bd2 71. Be4 Be1 72. Kf6 Bd2 73.
Bd3 Be3 74. Ke5 Bd2 75. b6 Kxb6 76. Kd4 Kc7 77. c5 1/2-1/2

[Event "European Club Cup 2006"]
[Site "Fuegen AUT"]
[Date "2006.10.09"]
[Round "2.85"]
[White "Moor, Olivier"]
[Black "Rasmussen, Casper"]
[Result "0-1"]
[WhiteElo "2388"]
[BlackElo "2316"]
[PlyCount "122"]
[EventDate "2006.10.08"]
[EventType "team"]
[EventRounds "7"]
[EventCountry "AUT"]
[Source "lmi"]
[SourceDate "2006.10.08"]

1. d4 d5 2. c4 c6 3. Nf3 Nf6 4. Nc3 dxc4 5. a4 Bf5 6. Ne5 e6 7. f3 c5 8. e4
cxd4 9. exf5 Bb4 10. Bxc4 dxc3 11. O-O Qxd1 12. Rxd1 c2 13. Rd3 Ke7 14. fxe6
fxe6 15. Bg5 Rc8 16. Rc1 Bd6 17. f4 Bxe5 18. fxe5 Rxc4 19. exf6+ gxf6 20. Bd2
Nc6 21. Bc3 Rd8 22. Rxd8 Nxd8 23. Rxc2 Rxa4 24. Rd2 e5 25. Rd3 Ne6 26. Rh3 Ng5
27. Rh6 Ra1+ 28. Kf2 Kf7 29. Rh4 Rd1 30. Ke2 Rd7 31. Rc4 Ne6 32. g3 Nc7 33. Ba5
Nd5 34. Rc8 Ke6 35. Re8+ Re7 36. Rd8 Rd7 37. Re8+ Re7 38. Rd8 f5 39. Bd2 Rd7
40. Re8+ Re7 41. Rd8 e4 42. Bg5 Rc7 43. Re8+ Kd6 44. Kd1 Rf7 45. Ke2 Rc7 46.
Kd1 Rf7 47. Ke2 Kc5 48. Rd8 a5 49. Bd2 a4 50. Rc8+ Kd4 51. Be1 f4 52. gxf4
Nxf4+ 53. Kd2 e3+ 54. Kd1 Rd7 55. Bc3+ Kd3 56. Rf8 Nd5 57. Be1 Rc7 58. Re8 Rc2
59. Bc3 Nxc3+ 60. bxc3 e2+ 61. Ke1 Rc1+ 0-1

[Event "European Club Cup 2006"]
[Site "Fuegen AUT"]
[Date "2006.10.09"]
[Round "2.86"]
[White "Pedersen, Finn"]
[Black "Zenklusen, Rico"]
[Result "0-1"]
[WhiteElo "2317"]
[BlackElo "2348"]
[PlyCount "100"]
[EventDate "2006.10.08"]
[EventType "team"]
[EventRounds "7"]
[EventCountry "AUT"]
[Source "lmi"]
[SourceDate "2006.10.08"]

1. g3 e5 2. c4 Nf6 3. Bg2 d5 4. cxd5 Nxd5 5. Nc3 Nb6 6. Nf3 Nc6 7. O-O Be7 8.
d3 O-O 9. a4 a5 10. Be3 Ra6 11. Rc1 Re8 12. Nb5 Nd5 13. Bc5 Ncb4 14. e4 Bxc5
15. Rxc5 c6 16. Na3 Qd6 17. d4 exd4 18. Qxd4 Rxe4 19. Qxe4 Qxc5 20. Re1 Nf6 21.
Qf4 Ra8 22. Qc7 Nbd5 23. Qd8+ Qf8 24. Qxf8+ Kxf8 25. Nc4 Bd7 26. Nd6 Rb8 27.
Ne5 Be6 28. Nec4 b6 29. f4 Nb4 30. Ne5 c5 31. f5 Bb3 32. g4 Rd8 33. Nb7 Rd1 34.
Rxd1 Bxd1 35. g5 Nfd5 36. Nd8 f6 37. Ne6+ Kg8 38. Nc6 Bxa4 39. Nxb4 Nxb4 40. h4
Bd7 41. Be4 fxg5 42. hxg5 Bxe6 43. fxe6 h6 44. gxh6 gxh6 45. Kf2 Kf8 46. Ke3
Ke7 47. Bf5 Nc6 48. Ke4 Nd4 49. Bg4 Nxe6 50. Kf5 Kd6 0-1

[Event "European Club Cup 2006"]
[Site "Fuegen AUT"]
[Date "2006.10.09"]
[Round "2.87"]
[White "Moor, Roger"]
[Black "Rewitz, Poul"]
[Result "1-0"]
[WhiteElo "2401"]
[BlackElo "2245"]
[PlyCount "71"]
[EventDate "2006.10.08"]
[EventType "team"]
[EventRounds "7"]
[EventCountry "AUT"]
[Source "lmi"]
[SourceDate "2006.10.08"]

1. c4 g6 2. Nf3 Bg7 3. g3 d6 4. Bg2 Nc6 5. Nc3 f5 6. Rb1 Nf6 7. b4 O-O 8. O-O
Kh8 9. b5 Ne5 10. Nxe5 dxe5 11. d3 a6 12. bxa6 Rxa6 13. Bxb7 Bxb7 14. Rxb7 Qc8
15. Qb3 f4 16. Kg2 Ng4 17. f3 Nxh2 18. Kxh2 g5 19. g4 h5 20. Rh1 hxg4 21. Kg2+
Rh6 22. Rxh6+ Bxh6 23. Qb5 Bg7 24. Qc6 gxf3+ 25. exf3 g4 26. Rxc7 gxf3+ 27. Kf2
Qh3 28. Qxf3 Qh2+ 29. Ke1 Bf6 30. Kd1 Rg8 31. Bd2 Rg3 32. Rc8+ Kg7 33. Qd5 Qh7
34. Ne4 Rg1+ 35. Kc2 Ra1 36. Nxf6 1-0

[Event "European Club Cup 2006"]
[Site "Fuegen AUT"]
[Date "2006.10.09"]
[Round "2.88"]
[White "Grand, Hans Henrik"]
[Black "Gaehler, Marco"]
[Result "1/2-1/2"]
[WhiteElo "2047"]
[BlackElo "2206"]
[PlyCount "85"]
[EventDate "2006.10.08"]
[EventType "team"]
[EventRounds "7"]
[EventCountry "AUT"]
[Source "lmi"]
[SourceDate "2006.10.08"]

1. e4 e6 2. d4 d5 3. exd5 exd5 4. Nf3 Bg4 5. h3 Bh5 6. Qe2+ Qe7 7. Qxe7+ Bxe7
8. Be2 Nc6 9. c3 Bd6 10. b3 O-O-O 11. Kd1 Nf6 12. Nbd2 Rhe8 13. Bb2 Re7 14. Bd3
Ne4 15. Rf1 Rde8 16. Kc2 Bf4 17. g3 Bh6 18. Bc1 Nxd2 19. Nxd2 Be2 20. Bxe2 Rxe2
21. Kd3 f6 22. Rb1 b5 23. b4 Nd8 24. a4 a6 25. axb5 axb5 26. Nb3 Bxc1 27. Rbxc1
Rb2 28. Nd2 Nb7 29. Rb1 Rxb1 30. Rxb1 Nd6 31. Ra1 Kd7 32. Nb3 Ne4 33. Ra2 h5
34. g4 hxg4 35. hxg4 Rh8 36. f3 Rh3 37. Ke3 Nxc3 38. Nc5+ Kd6 39. Ra6+ Ke7 40.
Ra7 Kd6 41. Ra6+ Ke7 42. Ra7 Kd6 43. Ra6+ 1/2-1/2

[Event "European Club Cup 2006"]
[Site "Fuegen AUT"]
[Date "2006.10.09"]
[Round "2.89"]
[White "Cobb, Charles"]
[Black "Glek, Igor V"]
[Result "0-1"]
[WhiteElo "2410"]
[BlackElo "2538"]
[PlyCount "80"]
[EventDate "2006.10.08"]
[EventType "team"]
[EventRounds "7"]
[EventCountry "AUT"]
[Source "lmi"]
[SourceDate "2006.10.08"]

1. d4 Nf6 2. c4 c5 3. d5 d6 4. Nc3 g6 5. e4 Bg7 6. Bd3 O-O 7. Nge2 e6 8. O-O
Ng4 9. f4 exd5 10. exd5 f5 11. h3 Nf6 12. Be3 a6 13. a4 b6 14. Qd2 Ra7 15. Bf2
Ne8 16. Kh1 Bf6 17. Ng1 Rg7 18. Nf3 h6 19. g3 g5 20. Nd1 g4 21. Nh2 gxh3 22.
Nf3 Re7 23. Ne3 Ng7 24. Rae1 Qe8 25. Bc2 b5 26. b3 b4 27. Qd3 Bc3 28. Re2 Nd7
29. g4 Nf6 30. Bh4 fxg4 31. Bxf6 Rxf6 32. Qh7+ Kf8 33. Nh4 Rxe3 34. Ng6+ Kf7
35. Nh8+ Qxh8 36. Qxh8 Rxe2 37. Qxc8 g3 38. Qd7+ Kg8 39. Qc8+ Rf8 40. Qxh3 Rh2+
0-1

[Event "European Club Cup 2006"]
[Site "Fuegen AUT"]
[Date "2006.10.09"]
[Round "2.90"]
[White "Berelovich, Aleksandar"]
[Black "Cobb, James"]
[Result "1-0"]
[WhiteElo "2551"]
[BlackElo "2395"]
[PlyCount "97"]
[EventDate "2006.10.08"]
[EventType "team"]
[EventRounds "7"]
[EventCountry "AUT"]
[Source "lmi"]
[SourceDate "2006.10.08"]

1. e4 e5 2. Nf3 Nc6 3. Bb5 a6 4. Ba4 Nf6 5. O-O Be7 6. Re1 b5 7. Bb3 d6 8. c3
O-O 9. h3 Nb8 10. d4 Nbd7 11. Nbd2 Bb7 12. Bc2 Re8 13. Nf1 c5 14. d5 Bf8 15. b3
g6 16. a4 Nb6 17. Ne3 bxa4 18. bxa4 a5 19. Bd3 Ba6 20. Bxa6 Rxa6 21. Qd3 Ra7
22. Nd2 Bh6 23. Nec4 Bxd2 24. Bxd2 Nxc4 25. Qxc4 Qc7 26. Reb1 Rb8 27. Qd3 c4
28. Rxb8+ Qxb8 29. Qxc4 Qb2 30. Ra2 Qb1+ 31. Kh2 Qxe4 32. Qc8+ Kg7 33. Rb2 Qf5
34. Qc6 Qd7 35. Rb6 Ne4 36. Be3 Qd8 37. Qb5 Nxc3 38. Qb3 Rc7 39. Rc6 Ne4 40.
Qc4 Nc5 41. Bxc5 dxc5 42. Qxc5 Rd7 43. d6 Qf6 44. Kg1 Rb7 45. Rb6 Rxb6 46. Qxb6
e4 47. Qc5 Qa1+ 48. Kh2 Qxa4 49. Qc7 1-0

[Event "European Club Cup 2006"]
[Site "Fuegen AUT"]
[Date "2006.10.09"]
[Round "2.91"]
[White "Kett, Tim"]
[Black "Meessen, Rudolf"]
[Result "1-0"]
[WhiteElo "2234"]
[BlackElo "2303"]
[PlyCount "69"]
[EventDate "2006.10.08"]
[EventType "team"]
[EventRounds "7"]
[EventCountry "AUT"]
[Source "lmi"]
[SourceDate "2006.10.08"]

1. e4 e6 2. d4 d5 3. Nc3 Nf6 4. Bg5 Be7 5. e5 Nfd7 6. Bxe7 Qxe7 7. Qd2 O-O 8.
f4 c5 9. Nf3 Nc6 10. O-O-O c4 11. h4 Rb8 12. f5 b5 13. fxe6 fxe6 14. Qg5 Qe8
15. h5 b4 16. Na4 Ne7 17. h6 g6 18. b3 Ba6 19. Rh4 Nf5 20. Rf4 Rc8 21. Nh4 Bb5
22. Nxf5 exf5 23. Nb2 Qe6 24. Rf2 Rf7 25. g4 Rcf8 26. gxf5 Rxf5 27. Bh3 c3 28.
Nd3 Bxd3 29. cxd3 Qa6 30. Bxf5 Rxf5 31. Qe7 Qa3+ 32. Kb1 c2+ 33. Rxc2 Rf7 34.
Rc8+ Nf8 35. Rxf8+ 1-0

[Event "European Club Cup 2006"]
[Site "Fuegen AUT"]
[Date "2006.10.09"]
[Round "2.93"]
[White "Spice, Alan"]
[Black "Marechal, Andy"]
[Result "1/2-1/2"]
[WhiteElo "2205"]
[BlackElo "2304"]
[PlyCount "105"]
[EventDate "2006.10.08"]
[EventType "team"]
[EventRounds "7"]
[EventCountry "AUT"]
[Source "lmi"]
[SourceDate "2006.10.08"]

1. Nc3 d5 2. e4 c6 3. d4 g6 4. h3 Bg7 5. Nf3 Nf6 6. Bd3 dxe4 7. Nxe4 Nbd7 8.
O-O O-O 9. Qe2 Nxe4 10. Qxe4 c5 11. c3 cxd4 12. cxd4 Nf6 13. Qh4 Be6 14. Be3
Qa5 15. a3 Rac8 16. Ne5 Rfd8 17. Rac1 Qa4 18. Nf3 Bd5 19. Nd2 Qd7 20. Nc4 Bxc4
21. Bxc4 e6 22. Rfd1 Nd5 23. Bg5 Re8 24. Bxd5 Qxd5 25. Bf6 Qb3 26. d5 Rxc1 27.
Rxc1 Bxf6 28. Qxf6 Qxd5 29. g3 Qd7 30. h4 h5 31. Rc4 e5 32. Qf3 Kg7 33. Qc3 Re7
34. Re4 Qd5 35. Rc4 Kh7 36. Rc7 Rxc7 37. Qxc7 Kg7 38. b4 a6 39. a4 Qd1+ 40. Kg2
Qd5+ 41. Kg1 Kf6 42. Qb6+ Kf5 43. Qe3 f6 44. Qe2 Qb3 45. b5 axb5 46. axb5 Qb1+
47. Kh2 Qe4 48. Qd2 Ke6 49. Qd8 Qf3 50. Kg1 Qe4 51. Kh2 Qf3 52. Kg1 Qe4 53. Kh2
1/2-1/2

[Event "European Club Cup 2006"]
[Site "Fuegen AUT"]
[Date "2006.10.09"]
[Round "2.95"]
[White "Maze, Sebastien"]
[Black "Hausrath, Daniel"]
[Result "0-1"]
[WhiteElo "2510"]
[BlackElo "2529"]
[PlyCount "48"]
[EventDate "2006.10.08"]
[EventType "team"]
[EventRounds "7"]
[EventCountry "AUT"]
[Source "lmi"]
[SourceDate "2006.10.08"]

1. e4 c5 2. Nf3 Nc6 3. Bb5 Nf6 4. Nc3 Qc7 5. O-O Nd4 6. Nxd4 cxd4 7. Nd5 Nxd5
8. exd5 Qc5 9. c4 a6 10. b4 Qxb4 11. Ba4 b5 12. Bc2 Qxc4 13. Bb3 Qd3 14. Bb2
Bb7 15. Rc1 Qf5 16. d6 Qg6 17. g3 Qxd6 18. Qg4 e6 19. Rfe1 h5 20. Qh3 Be7 21.
f4 g6 22. Re5 Bf6 23. Rec5 O-O 24. Ba3 d3 0-1

[Event "European Club Cup 2006"]
[Site "Fuegen AUT"]
[Date "2006.10.09"]
[Round "2.96"]
[White "Koerholz, Ludger"]
[Black "Eliet, Nicolas"]
[Result "0-1"]
[WhiteElo "2280"]
[BlackElo "2439"]
[PlyCount "138"]
[EventDate "2006.10.08"]
[EventType "team"]
[EventRounds "7"]
[EventCountry "AUT"]
[Source "lmi"]
[SourceDate "2006.10.08"]

1. c4 b6 2. Nc3 Bb7 3. Nf3 e6 4. e4 c5 5. Bd3 d6 6. Bc2 Nd7 7. d4 cxd4 8. Nxd4
a6 9. b3 Ngf6 10. O-O Qc7 11. Bb2 g6 12. Qd2 Bg7 13. Rad1 Rd8 14. Ndb5 axb5 15.
Nxb5 Qc6 16. Qxd6 Rc8 17. f3 Ba6 18. Qxc6 Rxc6 19. Nd6+ Ke7 20. e5 Nh5 21. Nxf7
Rb8 22. f4 Bc8 23. Nd6 Bh6 24. Be4 Rc7 25. Nb5 Rc5 26. Bc1 Ng7 27. g4 Ne8 28.
Ba3 g5 29. fxg5 Bxg5 30. Nd6 Nxe5 31. Bxc5 bxc5 32. Nxc8+ Rxc8 33. Rfe1 Nxg4
34. Bxh7 Nef6 35. Bb1 Rg8 36. Re2 Be3+ 37. Kf1 Bd4 38. Rde1 e5 39. h3 Nh6 40.
Rg2 Rf8 41. Rg7+ Ke6 42. Ke2 Nf5 43. Bxf5+ Kxf5 44. Rf1+ Ke6 45. Rb7 e4 46.
Rb6+ Kf7 47. Rb7+ Kg6 48. h4 Rh8 49. Rf4 Be5 50. Rf2 Rxh4 51. a4 Nh5 52. a5
Nf4+ 53. Kd2 Bd4 54. Rxf4 Rxf4 55. a6 Rf2+ 56. Kd1 Ra2 57. a7 Kf5 58. Re7 Kf4
59. Kc1 e3 60. Kb1 Ra3 61. Kc2 Kf3 62. Kd3 Rxb3+ 63. Kc2 Ra3 64. Rh7 Kf2 65.
Re7 e2 66. Rf7+ Ke1 67. Re7 Bf2 68. Rf7 Kf1 69. Kb2 Ra6 0-1

[Event "European Club Cup 2006"]
[Site "Fuegen AUT"]
[Date "2006.10.09"]
[Round "2.97"]
[White "Laurent, Bruno"]
[Black "Gnichtel, Gerd"]
[Result "1-0"]
[WhiteElo "2400"]
[BlackElo "2217"]
[PlyCount "79"]
[EventDate "2006.10.08"]
[EventType "team"]
[EventRounds "7"]
[EventCountry "AUT"]
[Source "lmi"]
[SourceDate "2006.10.08"]

1. e4 c5 2. Nf3 Nc6 3. Bb5 g6 4. Bxc6 dxc6 5. d3 Bg7 6. h3 e5 7. Be3 Qe7 8. Nc3
Nf6 9. Qd2 Nd7 10. Bh6 f6 11. Bxg7 Qxg7 12. Ng1 Nf8 13. Nge2 Ne6 14. f4 Qh6 15.
O-O O-O 16. Rf2 Nd4 17. Raf1 Be6 18. Nd1 Rad8 19. Ne3 c4 20. Nxd4 Rxd4 21. fxe5
cxd3 22. cxd3 Rfd8 23. Rxf6 Rxd3 24. Rf8+ Rxf8 25. Rxf8+ Qxf8 26. Qxd3 Bxa2 27.
Ng4 Be6 28. Nf6+ Kg7 29. Qe3 a6 30. h4 Qb4 31. Qf4 Qe7 32. h5 a5 33. h6+ Kh8
34. Qd2 a4 35. Qc3 Qf8 36. Qa5 Bg8 37. Qd2 Qc5+ 38. Kh1 Qxe5 39. Qd8 Qe6 40.
Nxg8 1-0

[Event "European Club Cup 2006"]
[Site "Fuegen AUT"]
[Date "2006.10.09"]
[Round "2.98"]
[White "Doison, Axel"]
[Black "Bergez, Luc"]
[Result "0-1"]
[WhiteElo "2031"]
[BlackElo "2395"]
[PlyCount "85"]
[EventDate "2006.10.08"]
[EventType "team"]
[EventRounds "7"]
[EventCountry "AUT"]
[Source "lmi"]
[SourceDate "2006.10.08"]

1. d4 c5 2. d5 e6 3. c4 exd5 4. cxd5 d6 5. Nc3 Be7 6. Nf3 a6 7. a4 Bf6 8. e4
Ne7 9. Be2 Ng6 10. O-O O-O 11. Be3 Re8 12. Nd2 Nd7 13. f4 Bd4 14. Bxd4 cxd4 15.
Na2 Nc5 16. Qc2 Bd7 17. Qc4 Nxe4 18. Qxd4 Qf6 19. Qb4 Nxf4 20. Nxe4 Nxe2+ 21.
Kh1 Qh4 22. Nf6+ Qxf6 23. Rxf6 gxf6 24. Rf1 Rad8 25. b3 f5 26. Qxb7 Bc8 27. Qb6
f4 28. Nb4 Bf5 29. Nc6 Ra8 30. Qb4 Re3 31. Qxd6 Kg7 32. b4 Rae8 33. Qc5 Rc3 34.
Qb6 Rd3 35. d6 Be4 36. Qc5 h6 37. Ne5 Rd5 38. Qc4 Rexe5 39. Qxe2 Bd3 40. Qb2
Bxf1 41. d7 f6 42. Qf2 Rxd7 43. Qxf4 0-1

[Event "European Club Cup 2006"]
[Site "Fuegen AUT"]
[Date "2006.10.09"]
[Round "2.99"]
[White "Le Quang, Kim"]
[Black "Corbin, Paul"]
[Result "1-0"]
[WhiteElo "2305"]
[BlackElo "2089"]
[PlyCount "83"]
[EventDate "2006.10.08"]
[EventType "team"]
[EventRounds "7"]
[EventCountry "AUT"]
[Source "lmi"]
[SourceDate "2006.10.08"]

1. e4 c5 2. Nf3 e6 3. d4 cxd4 4. Nxd4 a6 5. Bd3 Nf6 6. O-O Qc7 7. Qe2 d6 8. c4
e5 9. Nc2 Bg4 10. f3 Be6 11. Nc3 Nbd7 12. Be3 Rc8 13. Nd5 Bxd5 14. cxd5 Be7 15.
Rfc1 Qb8 16. b4 O-O 17. a4 Rc3 18. Na3 Rxc1+ 19. Rxc1 Rc8 20. Rb1 Bd8 21. a5
Qa8 22. Nc4 Ne8 23. g3 g6 24. Kg2 Kg7 25. Qf2 f6 26. h4 h5 27. g4 f5 28. gxf5
gxf5 29. exf5 b5 30. Qg3+ Kh8 31. Qg6 Ndf6 32. Qh6+ Kg8 33. Nb6 Bxb6 34. axb6
Qxd5 35. b7 Qxb7 36. Kf2 Qh7 37. Rg1+ Kf7 38. Qg5 d5 39. Bc5 e4 40. fxe4 dxe4
41. Bb1 Rd8 42. Ba2+ 1-0

[Event "European Club Cup 2006"]
[Site "Fuegen AUT"]
[Date "2006.10.09"]
[Round "2.102"]
[White "Thorfinnsson, Bragi"]
[Black "Mickevicius, Juras"]
[Result "0-1"]
[WhiteElo "2387"]
[BlackElo "2273"]
[PlyCount "120"]
[EventDate "2006.10.08"]
[EventType "team"]
[EventRounds "7"]
[EventCountry "AUT"]
[Source "lmi"]
[SourceDate "2006.10.08"]

1. d4 Nf6 2. c4 e6 3. Nf3 d5 4. Nc3 Be7 5. Bg5 O-O 6. cxd5 exd5 7. Qc2 c6 8. e3
Nbd7 9. Bd3 Re8 10. O-O Nf8 11. h3 Ne4 12. Bf4 Ng5 13. Nxg5 Bxg5 14. Bh2 Be7
15. Rae1 Bd6 16. f4 Bd7 17. Kh1 Rc8 18. Qb1 g6 19. e4 dxe4 20. Nxe4 Bb4 21. Rd1
Be6 22. a3 Be7 23. Nc5 Bd5 24. f5 Bxc5 25. dxc5 Qh4 26. Kg1 Qd4+ 27. Rf2 Qxc5
28. Rdf1 Qd4 29. Kh1 Re3 30. Be2 Rxh3 31. Bf3 Bxf3 32. Rxf3 Rxf3 33. Rxf3 Rd8
34. Rf1 Rd5 35. Qe1 Qg4 36. Be5 gxf5 37. Bc3 Ne6 38. Qe3 b6 39. Qh6 Qg6 40. Qh4
Qg5 41. Qa4 Qh6+ 42. Kg1 Qe3+ 43. Rf2 f4 44. Qc2 Nd4 45. Qd1 Ne6 46. Qg4+ Kf8
47. Kf1 Qc1+ 48. Be1 Re5 49. Re2 Qc4 50. Bc3 Qxe2+ 51. Qxe2 Rxe2 52. Kxe2 Ke7
53. Kd3 f5 54. Be5 Kd7 55. Kc4 h5 56. Bf6 Kd6 57. b4 b5+ 58. Kd3 Kd5 59. Bh4 c5
60. Bf2 c4+ 0-1

[Event "European Club Cup 2006"]
[Site "Fuegen AUT"]
[Date "2006.10.09"]
[Round "2.103"]
[White "Zickus, Simonas"]
[Black "Thorfinnsson, Bjorn"]
[Result "1-0"]
[WhiteElo "2260"]
[BlackElo "2317"]
[PlyCount "113"]
[EventDate "2006.10.08"]
[EventType "team"]
[EventRounds "7"]
[EventCountry "AUT"]
[Source "lmi"]
[SourceDate "2006.10.08"]

1. Nf3 Nf6 2. g3 e6 3. Bg2 d5 4. O-O Be7 5. c4 O-O 6. b3 c5 7. cxd5 Nxd5 8. Bb2
Bf6 9. Nc3 Nc6 10. Qc1 b6 11. Nxd5 exd5 12. d4 Ba6 13. Re1 Rc8 14. dxc5 bxc5
15. Qd2 d4 16. Rac1 Nb4 17. Bh3 Rc7 18. Bxd4 cxd4 19. Rxc7 Qxc7 20. Qxb4 Qc3
21. Qa3 Qc6 22. Rc1 Qb6 23. Bf1 Re8 24. Qc5 Qb8 25. Nxd4 Qd8 26. e3 Bb7 27. Bg2
Bxg2 28. Kxg2 g6 29. Qxa7 Qd5+ 30. Kg1 Ra8 31. Qb6 Bxd4 32. Qxd4 Qxd4 33. exd4
Rxa2 34. Rc5 Rd2 35. d5 Kf8 36. Kg2 g5 37. Kf3 Rd3+ 38. Kg4 Rxb3 39. Kxg5 Rf3
40. d6 Rd3 41. Rc6 Rd2 42. f4 Kg7 43. h4 Rd3 44. Kg4 h5+ 45. Kxh5 Rxg3 46. d7
Rd3 47. Rc7 Rd5+ 48. Kg4 Kf6 49. h5 Rd3 50. Ra7 Rd1 51. Kf3 Kf5 52. Ke3 Kf6 53.
Ke4 Re1+ 54. Kd5 Rd1+ 55. Kc6 Rc1+ 56. Kd6 Rd1+ 57. Kc7 1-0

[Event "European Club Cup 2006"]
[Site "Fuegen AUT"]
[Date "2006.10.09"]
[Round "2.104"]
[White "Bjornsson, Sigurbjorn"]
[Black "Limontas, Martynas"]
[Result "1/2-1/2"]
[WhiteElo "2335"]
[BlackElo "2306"]
[PlyCount "87"]
[EventDate "2006.10.08"]
[EventType "team"]
[EventRounds "7"]
[EventCountry "AUT"]
[Source "lmi"]
[SourceDate "2006.10.08"]

1. e4 e6 2. d4 d5 3. Nc3 Bb4 4. e5 Ne7 5. a3 Bxc3+ 6. bxc3 b6 7. Qg4 Ng6 8. Ne2
Ba6 9. g3 h5 10. Qf3 Nc6 11. h4 Qd7 12. Bg5 Nce7 13. a4 Bc4 14. Bh3 a5 15. O-O
Qc6 16. Rfe1 Kd7 17. Nf4 Nxf4 18. Qxf4 Ke8 19. Bxe7 Kxe7 20. Qg5+ Kf8 21. f4
Re8 22. f5 exf5 23. Qxf5 Rh6 24. Re3 Qe6 25. Kg2 Qxf5 26. Bxf5 Ke7 27. Bd3 Rc6
28. Rc1 Rb8 29. Rf3 Rf8 30. Kf2 Rb8 31. Ke3 Rf8 32. Kd2 Rb8 33. Rcf1 Rf8 34.
Rf5 g6 35. R5f3 f5 36. exf6+ Rcxf6 37. Re1+ Kd6 38. Rxf6+ Rxf6 39. Re5 c6 40.
Rg5 Bxd3 41. cxd3 Re6 42. c4 Rf6 43. Ke3 Re6+ 44. Kd2 1/2-1/2